00866nam a2200205 a 4500001001000000003000500010005001700015008004100032010001100073011001100084040000900095100003700104245019500141260004100336500006000377502009800437650002500535650003000560856007000590000115542CHAP20220329144539.0190604s2019 mx a sm |||||||spa d a112003 a112975 cCHAP1 aPérez Villatoro, Hugo Alberto.10aIdentificación y caracterización del agrosistema cafetalero en la comunidad de Ixcatla, Municipio de Ixhuatlán del Café, Veracruz /h[En línea]cpor Hugo Alberto Pérez Villatoro. aChapingo, Méx. :bEl autor,c2019. aPara ver el contenido del material haga clic en la liga aTesis (Ing. Agr. Esp. en Zonas Tropicales) -- UACH. Unidad Regional Universitaria Sur-Sureste14aCaféxRendimiento.14aSombraxEfecto en café. aFinding aiduhttp://10.13.5.2/tesis/sist115542.pdfzTeclea aquí